Ecological risk assessment

This is the first book that explains how to perform ecological risk assessments and gives assessors access to the full range of useful data, models, and conceptual approaches they need to perform an accurate assessment.

Guardado en:
Detalles Bibliográficos
Formato: Libro
Lenguaje:Undetermined
Publicado: Boca Raton Lewis Publishers 1993
Materias:
Etiquetas: Agregar Etiqueta
Sin Etiquetas, Sea el primero en etiquetar este registro!
Thư viện lưu trữ: Trung tâm Học liệu Trường Đại học Cần Thơ
LEADER 00988nam a2200205Ia 4500
001 CTU_141786
008 210402s9999 xx 000 0 und d
082 |a 574.5222 
082 |b E17 
245 0 |a Ecological risk assessment 
245 0 |c Editor and principal author, Glenn W. Suter II ; contributing authors, Lawrence W. Barnthouse ... [et al.]. 
260 |a Boca Raton 
260 |b Lewis Publishers 
260 |c 1993 
520 |a This is the first book that explains how to perform ecological risk assessments and gives assessors access to the full range of useful data, models, and conceptual approaches they need to perform an accurate assessment. 
526 |a Quản lý tổng hợp môi trường đất và nước,Ðộc chất học môi trường 
526 |b MT608,MT603 
650 |a Ecological risk assessment,Đánh giá rủi ro sinh thái học 
904 |i Trọng Hải 
980 |a Trung tâm Học liệu Trường Đại học Cần Thơ